00581nam a2200181 a 450000100100000000500170001000800410002704000250006808200190009310000410011224500620015326000670021530000200028265000290030265000420033104900090037399900170038200002113520200930011237.0100831s1966 ag r 000 j spa d aDO-SdBNPbSPAcBNPHU aA863.44bR586c1 aRíos Ortíz, Ricardo A. R.94419410aCuentos para un sábado /cRicardo A. R. Ríos Ortíz. aSanta Fe, Argentina :bLibrería y Editorial Colmegna,c1966. a98 p. ;c18 cm. 4aCuentos argentinos93752 4aLiteratura argentinaySIGLO XX914711 aBNGR c20637d20637